00689nam a2200205 a 450000100060000000300080000600500170001400800410003102000160007203500190008804000350010704100080014208200260015010000490017624500760022526000840030130000430038565000360042865000190046448807BD-RjUL20211209054605.0160816s1975 bg 000 p ben d c : Tk. 3.00 a(BD-RjUL)48926 aBD-RjULcBD-RjULdBD-RjULbben aben04223a891.441bROP 197510aরশিদ, আ, ফ, ম, আবদুর10aপঞ্চমুখী /cআ, ফ, ম, আবদুর রশিদ aঢাকা : bপলাশ পাবলিকেশন্স, c১৯৭৫ a৫৬ পৃ. ;c২১ সেমি. 0aবাংলা কবিতা 0aBengali Poetry